Tìm hiểu tiềm năng và hiện trạng khai thác cây dược liệu ở Quế Sơn - Quảng Nam và một số giải pháp bảo tồn, phát triển

Cơ sở lí luận của đề tài nghiên cứu. Những điều kiện ảnh hưởng đến sự phát triển và tiềm năng phát triển cây dược liệu huyện Quế Sơn. Hiện trạng khai thác, sử dụng và một số giải pháp bảo tồn và phát triển cây dược liệu huyện Quế Sơn....

Descrizione completa

Salvato in:
Dettagli Bibliografici
Autore principale: Lê, Thị Liêm
Altri autori: Nguyễn, Thị Diệu Th.S (Hướng dẫn)
Natura: Libro
Lingua:Vietnamese
Pubblicazione: Đại học Đà Nẵng Trường Đại học Sư phạm 2009
Serie:Khóa luận tốt nghiệp Đại học. Chuyên ngành: Sư phạm Địa lý
Soggetti:
Tags: Aggiungi Tag
Nessun Tag, puoi essere il primo ad aggiungerne! !
Thư viện lưu trữ: Mạng thư viện Đại học Đà Nẵng
LEADER 01747nam a2200349 4500
001 000011122
003 7353
005 20120202080239.0
008 120202s2009 viesd
041 |a vie 
072 |a Khóa luận tốt nghiệp 
082 |a 615.19  |b LÊ-L 
100 1 |a Lê, Thị Liêm 
245 1 |a Tìm hiểu tiềm năng và hiện trạng khai thác cây dược liệu ở Quế Sơn - Quảng Nam và một số giải pháp bảo tồn, phát triển  |c Lê, Thị Liêm 
260 |a Đại học Đà Nẵng  |b Trường Đại học Sư phạm  |c 2009 
300 |a 49 tr. [5 tr.]  |b Bảng + ảnh m.họa  |c 29 cm 
490 |a Khóa luận tốt nghiệp Đại học. Chuyên ngành: Sư phạm Địa lý 
500 |a Tham khảo + phụ lục [5 tr.] 
520 |a Cơ sở lí luận của đề tài nghiên cứu. Những điều kiện ảnh hưởng đến sự phát triển và tiềm năng phát triển cây dược liệu huyện Quế Sơn. Hiện trạng khai thác, sử dụng và một số giải pháp bảo tồn và phát triển cây dược liệu huyện Quế Sơn. 
653 |a Khóa luận tốt nghiệp Đại học 
653 |a Khoa Địa lý 
700 1 |a Nguyễn, Thị Diệu  |c Th.S  |e Hướng dẫn 
OWN |a LSP 
AVA |a UDN50  |b LSP  |d 615.19 LÊ-L  |e available  |t Error 5001 Not defined in file expand_doc_bib_avail.  |f 1  |g 0  |h N  |i 0  |k 1 
999 |a From the UDN01 
AVA |a UDN50  |b LSP  |d 615.19 LÊ-L  |e available  |t Error 5001 Not defined in file expand_doc_bib_avail.  |f 1  |g 0  |h N  |i 0  |k 1 
TYP |a Monograph 
TYP |a Printed language 
980 |a Mạng thư viện Đại học Đà Nẵng